| 000 | 00737nam a22002177a 4500 | ||
|---|---|---|---|
| 999 |
_c15688 _d15688 |
||
| 003 | AR-CdUCM | ||
| 008 | 190225b ||||| |||| 00| 0 spa d | ||
| 020 | _a8430302069 | ||
| 040 |
_aMUNICIPALIDAD PROVINCIAL DEL CUSCO _cBIBLIOTECA MUNICIPAL DEL CUSCO |
||
| 082 |
_a580 / _bCH18 / 1942 |
||
| 100 |
_aChamberlain, Charles Joseph _934845 |
||
| 245 | _aElementos de Botánica / | ||
| 260 |
_aBuenos Aires : _bKapeluz y cia, _c1942. |
||
| 300 |
_a381 páginas ; _c21 cm. |
||
| 505 | _aContenido : Estructura y funciones de las plantas de semilla -- Estudio filogenético del reyno vegetal ... | ||
| 650 |
_aElementos _98475 |
||
| 650 |
_aBotánica _92790 |
||
| 650 |
_aCiencia _92098 |
||
| 942 |
_2ddc _cLIBROS |
||
| 945 |
_arah _d29/04/2019 |
||